01046cam a2200205 4500008004100000020001500041035001200056050002200068100002100090245013400111250001200245260007600257300003500333500006700368504005200435505025700487506001400744650003700758700004500795081124s2006 ag 000 0 spa u a9505087306 aa47553904aKK8130 bN38 20061 aNaucke, Wolfgang10aDerecho penal : buna introducción / cWolfgang Naucke ; traducción de la 10ª edición alemana por Leonardo Germán Brond. a1a. ed. aBuenos Aires, Argentina : bAstrea de Alfredo y Ricardo Depalma, c2006 axxiv, 437 páginas ; c23 cm. aTítulo original en alemán : Strafrecht. Eine Einführung  aIncluye bibliografías e índice alfabético00aContenido : Claves para resolver causas penales. Subsunción. Racionalización de la ley mediante la teoría del delito. Aspectos procesales. Límites constitucionales. Teoría de la pena. Terrorismo internacional. Criminología. Jurisprudencia.  aPifi 2006 7aDerecho penal zArgentina 2Lemb1 aGermán Brond, Leonardo, etraducción